|
|
|
|
| LEADER |
00936nab#a2200337#ar4500 |
| 001 |
000018924 |
| 003 |
SVKKK |
| 005 |
00000000000000.0 |
| 008 |
c xo e sloo |
| FMT |
|
|
|
| 038 |
|
|
|a SVKKK
|
| 040 |
|
|
|a SVKKK
|b slo
|e AACR2
|
| 041 |
0 |
|
|a slo
|
| 044 |
|
|
|a xo
|c SK
|
| 080 |
|
|
|a 061.
|2 1981
|
| 080 |
|
|
|a 247.
|2 1981
|
| 100 |
1 |
|
|a Sorgerová, Silvia
|4 aut
|
| 245 |
1 |
0 |
|a Originál v múzeu, kópia v kostolíku v skanzene :
|b Najrozsiahlejšia zbierka ikon na Slovensku
|c Sorgerová Silvia, , Komendová Iveta
|
| 300 |
|
|
|b Fotogr. 1
|
| 650 |
0 |
4 |
|a ikonostas z r. 1766
|x reštaurácia
|x informácie
|
| 650 |
0 |
4 |
|a ikony
|x expozícia
|
| 650 |
0 |
4 |
|a Šarišské múzeum, Bardejov
|
| 700 |
1 |
|
|a Komendová, Iveta
|4 aut
|
| 773 |
0 |
|
|t Lúč
|g Roč. 7, č. 232(1998), dát. 1008, s. 9
|
| 957 |
|
|
|a Bardejov
|
| 958 |
|
|
|a BJ
|
| 974 |
|
|
|d 981124
|a Čr
|
| 992 |
|
|
|a RBX
|
| BAS |
|
|
|
| 852 |
|
|
|a SVKKK
|b BIB
|
| 998 |
|
|
|a REG
|